Żużel - Drużyny PGE Ekstraligi sezon 2025 - Statystyki

Ogólne statystyki
  • Ten quiz został rozwiązany 320 razy
  • Średni wynik to 6 z 8
Statystyki odpowiedzi
Drużyna % Poprawnych
Motor Lublin
96%
Sparta Wrocław
90%
ROW Rybnik
85%
Falubaz Zielona Góra
80%
Gkm Grudziądz
80%
Włókniarz Częstochowa
76%
KS Toruń
55%
Stal Gorzów Wielkopolski
53%
Nie znaleziono quizów pasujących do podanych kryteriów
Rozkład punktacji
Procent ludzi z każdym wynikiem
Percentyl według liczby udzielonych odpowiedzi
Twoja historia wyników
Nie rozwiązałeś tego quizu